| 000 | 01032nam a2200301Ia 4500 | ||
|---|---|---|---|
| 005 | 20220510144709.0 | ||
| 008 | 210716s2012 xx 000 0 und d | ||
| 020 | _a9788132108962 | ||
| 040 | _cAIMIT LIBRARY | ||
| 041 | _aeng | ||
| 082 |
_a658.314 _21 _bMUKJ |
||
| 100 |
_aMukherjee, Jayant. _935724 |
||
| 245 |
_aDesigning human resource management systems : _bA leaders guide / _cBy Jayant Mukherjee |
||
| 250 | _a1st ed. | ||
| 260 |
_aNew Delhi : _bSage Publications , _c2012. |
||
| 300 |
_axiii, 314p. ; _c24.2 cm. |
||
| 650 |
_aHuman Resource Management _935725 |
||
| 650 |
_aJob Analysis _935726 |
||
| 650 |
_aHuman Resource Planning _935727 |
||
| 650 |
_aRecruitment and Selection _935728 |
||
| 650 |
_aPerformance Management System _935729 |
||
| 650 |
_aTraining and Development _935730 |
||
| 650 |
_a360 Degree Feedback _935731 |
||
| 650 |
_aMentoring and Executive Coaching _935732 |
||
| 650 |
_aReward Management _935733 |
||
| 650 |
_aHR Policies and Procedures _935734 |
||
| 942 |
_2ddc _cBK _e1st _k658.314 MUKJ |
||
| 999 |
_c207617 _d207617 |
||